| 000 | 00743nam a2200181 a 4500 | ||
|---|---|---|---|
| 001 | BRCA_3027 | ||
| 005 | 20190320204056.0 | ||
| 008 | 280109s2000----fi-a---###---#000-0#fin-# | ||
| 020 | _a9518952817 | ||
| 050 | 4 |
_aNK5157 _b.F56 2002 |
|
| 245 | 1 | 0 |
_aFinlandia _bvanguardia en vidrio _ctraducción Leila Jokinen. |
| 260 |
_aHämeenlinna, Finlandia _bMuseo del Vidrio de Finlandia _c2002 |
||
| 300 |
_a141 p. _bil. (algunas a color) _c22 cm. |
||
| 500 | _aCatálogo de la exposición realizada en el Museo Franz Mayer (Ciudad de México), 22 octubre, 2002 - 12 enero, 2003 y en el Museo de Historia Mexicana (Monterrey), 5 febrero - 27 abril, 2003 | ||
| 650 | 1 | 4 |
_aVidrio _ySiglo XX _zFinlandia _93470 |
| 700 | 1 |
_aJokinen, Leila _98323 |
|
| 942 |
_2lcc _cB |
||
| 999 |
_c2763 _d2763 |
||